| 000 | 00000nam 2200000za 4500 |
| 001 | 9.800572 |
| 003 | CaOODSP |
| 005 | 20221107134631 |
| 007 | cr ||||||||||| |
| 008 | 150508s2015 xxca||||o f|0| 0 eng d |
| 020 | |a978-0-660-02230-7 |
| 040 | |aCaOODSP|beng |
| 043 | |an-cn--- |
| 086 | 1 |aCi4-131/2015E-PDF |
| 245 | 00|aPassport photo specifications |h[electronic resource]. |
| 250 | |aRevised edition, 2015. |
| 260 | |a[Ottawa] : |bCitizenship and Immigration Canada, |c2015. |
| 300 | |a[4] p. : |bphotos. |
| 500 | |aIssued also in French under title: Spécifications pour les photos de passeport. |
| 692 | 07|2gccst|aPassports |
| 710 | 1 |aCanada. |bCitizenship and Immigration Canada. |
| 775 | 08|tSpécifications pour les photos de passeport |w(CaOODSP)9.800573 |
| 794 | |tPassport photo specifications.|w(CaOODSP)9.898830 |
| 856 | 40|qPDF|s1.27 MB|uhttps://publications.gc.ca/collections/collection_2015/cic/Ci4-131-2015-eng.pdf |